| Tag |
First Indicator |
Second Indicator |
Subfields |
| LEADER |
00000cam a2200000 4500 |
| 001 |
in00000173821 |
| 005 |
20151008084456.0 |
| 008 |
760521s1963 caua 00000 eng d |
| 010 |
|
|
|a 63013246
|
| 035 |
|
|
|a (OCoLC)02186549
|
| 035 |
|
|
|9 AAT8742AM
|
| 040 |
|
|
|a DLC
|c TKN
|d TXA
|d UtOrBLW
|
| 041 |
1 |
|
|a eng
|a rus
|
| 049 |
|
|
|a TXAM
|c [360405]
|
| 050 |
|
0 |
|a PN6505.S5
|b A55
|
| 082 |
0 |
|
|a 891.78
|
| 100 |
1 |
|
|a Aller, Simeon,
|d 1885-
|
| 245 |
1 |
4 |
|a The Russians said it first ;
|b a heritage of proverbs /
|c selected and translated by Simeon Aller. An introd. by Upton Sinclair, drawings by Nicolai Remisoff (RE-MY).
|
| 264 |
|
1 |
|a Los Angeles :
|b Ward Ritchie Press,
|c [1963]
|
| 300 |
|
|
|a 137 pages :
|b illustrations ;
|c 21 cm.
|
| 336 |
|
|
|a text
|b txt
|2 rdacontent
|
| 337 |
|
|
|a unmediated
|b n
|2 rdamedia
|
| 338 |
|
|
|a volume
|b nc
|2 rdacarrier
|
| 650 |
|
0 |
|a Proverbs, Russian.
|
| 999 |
|
|
|a MARS
|
| 999 |
f |
f |
|s 7b38b542-35e3-3426-927b-e4f227c5666a
|i 6822d6c1-8f02-38c1-bbfb-8b8adda7efa1
|t 0
|
| 952 |
f |
f |
|p ric
|a Texas A&M University
|b Rellis Campus
|c Joint Library Facility
|d Remote Storage
|t 0
|e PN6505.S5 A55
|h Library of Congress classification
|i unmediated -- volume
|m A14803744121
|
| 998 |
f |
f |
|a PN6505.S5 A55
|t 0
|l Remote Storage
|